[Event "BL 15/16 Bremen - Emsdetten"]
[Site "?"]
[Date "2016.02.05"]
[Round "7"]
[White "Burg, Twan"]
[Black "Bluebaum, Matthias"]
[Result "0-1"]
[WhiteElo "2509"]
[BlackElo "2595"]
[Annotator "Matthias Blübaum"]
[PlyCount "110"]
[EventDate "2016.??.??"]
[SourceDate "2015.04.14"]

1. e4 e6 2. d4 d5 3. Nd2 c5 4. exd5 Qxd5 5. Ngf3 cxd4 6. Bc4 Qd6 7. O-O Nf6 8.
Nb3 Nc6 9. Nbxd4 Nxd4 10. Nxd4 Be7 {Ich entschied mich für einen sehr soliden
Aufbau, da ich mich auf meinen Gegner nicht vorbereitet hatte und einer
Vorbereitung seinerseits ausweichen wollte.} 11. c3 Qc7 12. Qe2 a6 13. Bg5 O-O
14. Rfe1 Re8 15. Bb3 Nd5 16. Bxe7 Nxe7 17. Rad1 Ng6 {[#]} 18. g3 (18. Nf5 Bd7
19. Nd6 Re7 20. Qe3 {1/2-1/2 Ivkov,B-Bronstein,D/Leningrad 1957/MCL}) 18... Bd7
19. h4 {Der Plan mit g3 und h4 ist zwar logisch, um meinen Springer auf g6
einzuschränken, schwächt jedoch auch den weißen König.} h6 20. Nf3 Bb5 21.
Qe3 Rad8 22. Bc2 Nf8 23. Nd4 Bd7 24. Be4 Bc8 25. Nb3 b6 26. Qf3 Nd7 27. Nd4 {
[#] Ab nun sah ich Chancen meinen Springer gegen den Läufer abzutauschen, da
es Weiß schwerfällt, den Läufer auf der Diagonale zu halten.} Nf6 28. Bc6
Rf8 29. Nc2 Ng4 30. Ba8 Bd7 31. Qxg4 Rxa8 {Für die Engine ist die weiße
Stellung noch komplett in Ordnung, aber am Brett fand ich meine Stellung
bereits angenehmer zu spielen.} 32. Rd4 Bc6 33. Red1 Qb7 {[#] In dieser
Situation stellte Twan Burg seine Dame nach f4, hielt sie im letzten Moment
fest und stellte sie wieder zurück nach g4. Dann überlegte er erneut und
spielte} 34. Qh3 (34. Qf4 Bh1 35. Ne3 e5 36. Qxe5 Rae8 37. Qf5 {mit der Idee
Dh3 habe ich während der Partie überhaupt nicht gesehen.} Rxe3 {[#]} 38. Qh3
Bf3 (38... Re2 39. Qxh1 Qxh1+ 40. Kxh1 Rxb2 41. R1d2 Rxd2 42. Rxd2 Rc8 43. Rd6
Rxc3 44. Rxb6 Ra3 45. Rb8+ Kh7 46. Rb2) 39. fxe3 Bxd1 40. Rxd1 Qf3 41. Re1 Qd5
42. Ra1 Qd2 43. Qg2 Qxe3+ 44. Qf2 {Diese Variante zeigt, dass Weiß sich nach
34. Df4 vielleicht gerade noch hätte halten können. Allerdings hat Schwarz
auch hier die besseren praktischen Chancen.}) 34... Bf3 35. R1d2 e5 36. Rd6 f5
37. Qf1 Qe4 {[#] Ab hier habe ich auf die Zeitnot gespielt und versuchte
meinem Gegner vor dem 40. Zug noch Probleme zu stellen.} 38. Qe1 $6 (38. Ne1 $5
{und Schwarz muss aufpassen, nicht leicht schlechter zu stehen.}) 38... Qg4 39.
Kh2 f4 {[#]} 40. Qxe5 $4 {Der entscheidende Fehler im letzten Zug vor der
Zeitkontrolle. Schwarz aktiviert seine letzte schlafende Figur mit Tempo und
der schwarze Angriff auf den gegnerischen König ist nicht mehr abzuwehren.} (
40. Nb4 a5 41. Nd5 Rae8 42. Nc7 Re7 43. Nd5 Bxd5 44. R2xd5 e4 45. Rd8 e3 {
ist allerdings ebenfalls besser für Schwarz, aber deutlich zäher.}) 40...
Rae8 41. Qd4 Be4 42. Qc4+ Kh8 43. Nd4 {Dieser Zug hat mich überrascht, ich
habe nur mit De2 gerechnet.} (43. Qe2 Bf3 44. Qd3 Bb7 (44... Be2 45. Qd4 Kh7 $1
{und Weiß ist hilflos.}) 45. Rxb6 Be4 46. Qe2 fxg3+ 47. fxg3 Rf3 48. Qe1 Bc6
49. Qg1 Rd3 50. Rf2 Re2 51. Rxc6 Rdd2 $19) 43... fxg3+ 44. fxg3 Rf3 $19 45.
Nxf3 Qxf3 46. Kh3 Qh1+ 47. Kg4 {[#]} Qf3+ (47... h5+ 48. Kg5 Qf3 {hätte sogar
noch schneller matt gesetzt. Diese Zugfolge gab Joachim Asendorf nach der
Partie an. Hier hatte ich immer noch Angst vor Th6+ Ideen gehabt und dabei
einfach vergessen, dass ich mit Schach wiedernehme. Ich denke, ich bin beim
Berechnen der verschiedensten Varianten, die alle sehr gut für Schwarz
aussehen, durcheinandergekommen.}) 48. Kh3 h5 49. Rh6+ gxh6 50. Qd4+ Kg8 51.
Qc4+ Qf7 52. Qxa6 Bb7 53. Qd3 Re1 54. Qd8+ Kh7 55. Rd7 Rh1# {[#]
Sympathischerweise erlaubt Twan Burg noch die Mattsetzung mit dem Zug Th1, der
auch in vielen Varianten, die hinter den Kulissen blieben, das entscheidende
Motiv war.} 0-1

[Event "BL 15/16 Bremen - Emsdetten"]
[Site "?"]
[Date "2016.02.05"]
[Round "7"]
[White "McShane, Luke"]
[Black "van Foreest, Jorden"]
[Result "1-0"]
[WhiteElo "2674"]
[BlackElo "2519"]
[Annotator "Matthias Krallmann"]
[PlyCount "85"]
[EventDate "2016.??.??"]
[SourceDate "2015.04.14"]

1. e4 c5 2. Nf3 e6 3. g3 d5 4. exd5 exd5 5. d4 Nc6 6. Bg2 Bg4 7. O-O Nxd4 {[#]}
8. Qe1+ Be6 (8... Ne6 9. Ne5 Bf5 10. c4 Nf6 11. cxd5 Nxd5 12. Nc3 Nxc3 13. Bxb7
Bd6 14. Bc6+ Ke7 15. bxc3 Bh3 16. Bd5 Qc7 17. Rb1 Bxe5 18. Rb7 Bxf1 19. Qxe5
Qxb7 20. Bg5+ {1-0 Rozentalis,E (2595)-Cramling,D (2409)/Stockholm 2009/CBM
130 Extra}) 9. Nxd4 cxd4 10. Nd2 Bc5 11. Nb3 Bb6 12. a4 a5 {[#]} (12... a6 13.
Qb4 $14) 13. Qe5 (13. f4 Kf8 14. f5 Bd7 15. Kh1 Nf6 16. Qd1 Ne4 17. Nxd4 h5 18.
Be3 Kg8 19. c4 h4 20. g4 Qf6 21. Bxe4 dxe4 22. g5 Qe5 23. g6 Rf8 24. Qb3 Bxd4
25. Bxd4 Qxd4 26. Rad1 Bxa4 27. Qxa4 Qxb2 28. gxf7+ Kh7 29. Rf4 Qf6 30. c5 Qxf7
31. Rd7 Qf6 32. Qxe4 Qa1+ 33. Kg2 h3+ 34. Kf2 Qa2+ 35. Kg3 Qg2+ 36. Qxg2 hxg2
37. Kxg2 Kh6 38. Rxb7 Kg5 39. Rf3 Rxf5 40. Rxg7+ Kf6 41. Rxf5+ Kxf5 42. Ra7
Rg8+ 43. Kf3 Rh8 44. c6 Ke6 45. c7 Rc8 46. h4 Ke7 47. Ke4 a4 48. Kd5 a3 49. Kc6
a2 50. Rxa2 Rh8 51. Kb7 Rg8 52. c8=Q Rxc8 53. Kxc8 {1-0 Glek,I (2620)
-Portisch,L (2630)/Hockenheim 1997/EXT 2000}) (13. Bf4 {war der Livevorschlag
von Sven Charmenteau} Nf6 14. Be5 O-O 15. Qd2 Rc8 16. Bxd4 Bxd4 17. Nxd4 Qb6
$11) 13... Qf6 14. Bf4 Ne7 15. Qe2 O-O 16. Be5 {[#]} d3 17. cxd3 Qg6 18. Bd4 (
18. Rfe1 Nc6) 18... Bxd4 19. Nxd4 Nf5 (19... Nc6 20. Nxc6 (20. Nxe6 fxe6 21.
Bh3 Rae8 22. Rae1 e5) 20... bxc6 21. Rfc1 Bf5 22. d4 Rfb8 $11) 20. Qe5 Rad8 21.
Rfc1 (21. Ne2 Ne7 22. Nf4 Qf5 23. Qc7 $16) 21... Rfe8 22. Rc7 {[#]} Bc8 $2 (
22... Nd6 23. Nxe6 (23. Bxd5 Bxd5 24. Qxd5 Qxd3) (23. Re1 Qxd3) 23... fxe6 24.
Re1 $16) 23. Rxc8 Rxc8 24. Qxf5 Qxf5 25. Nxf5 $16 Rc2 26. Bxd5 Rxb2 27. Rc1 g6
28. Ne3 Re7 29. Rc5 b6 30. Rc8+ Kg7 31. Bc4 {[#]} h5 32. h4 Rb4 33. Bb5 Re6 34.
Rc2 Kh6 35. Kg2 Rd6 36. Kf3 f5 37. Ng2 Rxb5 38. axb5 Rxd3+ 39. Ne3 Rb3 {[#]}
40. Rc7 $1 {Matt beendet am schnellsten die Partie.} Rxb5 41. Nc2 a4 42. Nd4
Re5 43. Kg2 {[#] Die Mattsetzung mittels Sf3-g5 und Th7 ist nicht zu
verhindern.} 1-0

[Event "BL 15/16 Bremen - Griesheim"]
[Site "Germany"]
[Date "2016.02.07"]
[Round "6"]
[White "Jarmula, Lukasz Andrzej"]
[Black "Bluebaum, Matthias"]
[Result "0-1"]
[WhiteElo "2374"]
[BlackElo "2590"]
[Annotator "Matthias Blübaum"]
[PlyCount "138"]
[EventDate "2016.??.??"]
[EventCountry "GER"]
[SourceDate "2015.04.14"]
[WhiteTeam "Griesheim"]
[BlackTeam "Werder Bremen"]

1. e4 e6 2. d4 d5 3. Nc3 Nf6 4. Bg5 dxe4 5. Nxe4 Be7 6. Bxf6 Bxf6 7. Nf3 Nd7 8.
Qd2 Be7 9. O-O-O O-O 10. Bd3 c5 11. Nxc5 Nxc5 12. dxc5 Qc7 13. Kb1 Rd8 14. Qe2
Bd7 15. Ne5 Be8 16. Qe4 g6 17. h4 Qxc5 {[#] Ich konnte mich erinnern, dass ich
in dieser Stellung durch leichte Zugumstellung bereits eine Partie hatte.
Allerdings wusste ich dadurch auch, dass ich in Ordnung stehen sollte.} 18. h5
(18. c3 b5 19. h5 b4 20. hxg6 hxg6 21. cxb4 Qd4 22. b5 Bf6 23. f4 Rab8 24. a4
a6 25. Bc2 Qxe4 26. Bxe4 axb5 27. a5 Be7 28. Nc6 Bxc6 29. Bxc6 b4 30. a6 Bc5
31. Kc2 Kf8 32. Kb3 Ke7 33. Bb7 Rxd1 34. Rxd1 Rd8 35. Rc1 Be3 36. Rc7+ Rd7 37.
Rc4 Rd4 38. Rc7+ Rd7 39. Rc2 Kd8 40. Kxb4 Rd4+ 41. Kb5 Rxf4 42. b4 Rf1 43. Rc3
Bg1 44. Kc6 e5 45. Kd6 Rd1+ 46. Bd5 Rf1 47. b5 Bb6 48. Rf3 Bc7+ 49. Kc6 Rc1+
50. Kb7 Rc5 51. Bc6 {1-0 Szabo,K (2542)-Bluebaum,M (2329) /Dresden 2011/CBM
143 Extra}) 18... Qd4 {auf Sicherheit gespielt. Ich wollte einfach die Damen
tauschen und somit einen weißen Angriff verhindern.} 19. hxg6 hxg6 20. c3 (20.
Nxg6 Bf6 $1) 20... Qxe4 21. Bxe4 Rab8 22. Rxd8 Bxd8 23. Rd1 Be7 24. Kc2 {
[#] Mir fiel es schwer, einen Weg zu finden, das Läuferpaar zu behalten. Kg7
lässt Sc4 mit Vereinfachung zu, jedoch sah ich keinen Weg dies zu verhindern.}
Kg7 25. Nc4 f5 26. Bf3 Kf6 27. Nd6 Bxd6 (27... b6 28. Nxe8+ Rxe8 29. Rd7 Bc5
30. Rd2 a5 $11) 28. Rxd6 Ke7 (28... g5 $5 {wäre ein sinnvollerer Weg gewesen,
die Stellung weiterzuspielen.}) 29. Rd1 e5 30. Bd5 g5 31. c4 {Bei meinem
Versuch auf Gewinn zu spielen, habe ich meinem Gegner auch Chancen gegeben, da
Weiß nun den simplen Plan hat, am Damenflügel einen Freibauern zu bilden.} b6
(31... b5 32. c5 a5 33. b4 axb4 34. Kb3 {gefiel mir nicht.}) 32. Kc3 Rd8 33.
Re1 Kf6 34. a4 Rc8 35. Rh1 Bg6 {[#]} 36. Ra1 (36. b4 $5 f4 37. b5 g4 38. a5 {
Die Stellung ist minimal unangenehmer für Schwarz, aber ich denke noch
relativ leicht remis zu halten.}) 36... a5 37. b4 axb4+ 38. Kxb4 Rc5 39. Rb1 (
39. a5 {hätte das Remis mehr oder weniger forciert. Ich sah keinen Sinn mehr,
einer solchen Abwicklung auszuweichen.} Rxa5 40. Rxa5 bxa5+ 41. Kxa5 e4 42. c5
Ke5 43. c6 f4 44. c7 Bf5 $11) 39... f4 40. Rb3 Bf7 41. Bxf7 Kxf7 {[#]} 42. Rh3
$2 (42. Kc3 {Ich hatte eigentlich über keinen anderen Zug als Kc3 nachgedacht,
da Schwarz nun zur passiven Verteidigung des Bauerns gezwungen wird.} Ra5 (
42... Rc6 $11 {nebst Ke6 und Kf5 wollte ich spielen. Die Stellung sollte im
absoluten Gleichgewicht sein.}) 43. Rb4 g4 44. Kb3 Ra6 45. Rb5 Kf6 46. f3 g3
$11) 42... e4 {Das Fragezeichen für Th3 ist vielleicht übertrieben, aber auf
einmal sah ich wieder vernünftige Chancen, die Partie zu gewinnen.} 43. Rh7+
Kg6 44. Re7 Kf5 45. Rf7+ Kg6 46. Re7 Kf5 47. Rf7+ Ke6 48. Rb7 Rc6 49. Kc3 Rd6
50. Rb8 Kf7 51. Rb7+ Kf6 52. Rb8 Re6 53. Kd2 Kf5 54. Rh8 Rd6+ 55. Ke2 Rc6 {[#]}
56. f3 {Dieser Zug überraschte mich, ich hatte nur mit Tb8 gerechnet.} Rxc4
$17 57. Rf8+ Kg6 58. Rg8+ Kh6 59. Rh8+ Kg7 60. Rb8 Rc2+ 61. Kf1 {[#]} exf3 $2 (
61... e3 $19 {Eigentlich war es mein erster Gedanke, mit e3 einen gedeckten
Freibauern zu bekommen und die Stellung sollte danach tatsächlich auch recht
leicht gewonnen sein. Je länger ich nachdachte, desto unsicherer wurde ich
mir jedoch, ob Weiß nicht doch genügend Gegenspiel mit dem a-Bauern hat.})
62. gxf3 Kg6 63. Rxb6+ Kh5 64. Rb5 Kh4 {[#]} 65. Kg1 $4 (65. Rf5 $1 $11 g4 66.
Rxf4 Kg3 67. Rf8) 65... g4 $1 $19 {Das Regenschirm-Motiv.} 66. fxg4 Kg3 67. Rb1
f3 68. g5 Rg2+ 69. Kf1 Rh2 0-1

[Event "BL 15/16 Hamburg - Bremen"]
[Site "Germany"]
[Date "2016.02.20"]
[Round "8"]
[White "Ernst, Sipke"]
[Black "Bluebaum, Matthias"]
[Result "0-1"]
[WhiteElo "2527"]
[BlackElo "2590"]
[Annotator "Matthias Krallmann"]
[PlyCount "62"]
[EventDate "2016.??.??"]
[EventCountry "GER"]
[SourceDate "2015.04.14"]
[WhiteTeam "Hamburger SK"]
[BlackTeam "Werder Bremen"]

1. c4 e6 2. Nf3 d5 3. d4 Nf6 4. g3 Bb4+ 5. Bd2 Be7 6. Bg2 O-O 7. O-O c6 8. Qc2
Nbd7 9. Rd1 b6 10. Bf4 Bb7 11. Ne5 Nh5 12. Bc1 Nhf6 {[#]} 13. Bf4 (13. cxd5
cxd5 14. Nc6 Bxc6 15. Qxc6 Rc8 16. Qb5 Ne8 17. Nc3 Nd6 18. Qd3 Nf6 19. f3 Nc4
20. b3 Na5 21. Bb2 Nc6 22. Kh1 Qd7 23. e3 Rfd8 24. Rac1 Qe8 25. a3 Na5 26. Nb1
Rxc1 27. Rxc1 Rc8 28. Rxc8 Qxc8 29. Nd2 h5 30. Kg1 Qc7 31. e4 dxe4 32. fxe4 h4
33. b4 Nc6 34. Qc3 hxg3 35. e5 gxh2+ 36. Kxh2 Nd5 37. Bxd5 exd5 38. b5 Qc8 39.
bxc6 Bg5 40. Nf3 Bf4+ 41. Kg2 {1-0 Nyback,T (2603) -Nisipeanu,L (2665)/
Germany 2015/CBM 165 Dies war die einzige Bremer Gewinnpartie beim 4-4 gegen
Baden Baden aus der vergangenen Saison. Natürlich kannte Matthias diese
Partie, da er Katalanisch mittlerweile mit beiden Farben spielt.}) 13... Nh5
14. Bc1 Nhf6 15. Nc3 {Sipke Ernst will mit Weiß natürlich nicht so schnell
remis durch Zugwiederholung machen und spielt eine fragwürdige Variante.} Nxe5
16. dxe5 Ng4 17. Bf4 $6 (17. e4 Bc5 18. exd5 cxd5 (18... Nxf2 19. Rf1 Ng4+ 20.
Kh1 exd5 $17) 19. Ne4 dxe4 20. Rxd8 Raxd8 21. Bg5 Rd3 22. Rf1 h6 23. Bf4 Rfd8
24. b4 Bxf2+ 25. Rxf2 e3 26. Re2 Bxg2 27. Kxg2 Rd2 28. Kf3 Rxc2 29. Rxc2 Rd2
30. Rc3 h5 31. h3 Rf2+ 32. Ke4 e2 33. Bd2 Nh6 34. Ke3 Rh2 35. c5 bxc5 36. bxc5
Nf5+ 37. Kd3 Rxh3 38. Kxe2 Rxg3 39. Rc1 Nd4+ {0-1 Shabalov,A (2506)
-Sargissian,G (2684)/Wheeling 2014/CBM 160 Extra}) 17... g5 18. Bf3 Nxf2 19.
Kxf2 gxf4 20. gxf4 Bc5+ 21. Kg2 Qh4 {[#] Aufgrund der geschwächten weißen
Bauernstruktur und des schutzlosen gegnerischen Königs steht Schwarz hier
bereits deutlich besser.} 22. cxd5 cxd5 23. e4 d4 24. Na4 (24. Ne2 Ba6 25. Qd2
Kh8 26. Kh1 d3 27. Ng1 Rg8 28. Rac1 Rg7 29. b4 Bf2 30. Nh3 Bd4 31. Bg2 Rag8 $19
) 24... Qxf4 25. Nxc5 bxc5 26. b4 {[#]} Kh8 {Das leitet den Schlussangriff
gegen den weißen König ein.} 27. Qe2 f5 28. exf6 Rxf6 29. Rf1 c4 (29... Ba6
30. Qxa6 $2 Rg8+ 31. Kh1 Qxh2+ 32. Kxh2 Rh6+ 33. Bh5 Rxh5# {wäre auch hübsch
gewesen}) 30. Kh1 Qe5 31. Bg2 Rh6 {[#]} 0-1

[Event "BL 15/16 Hamburg - Bremen"]
[Site "Germany"]
[Date "2016.02.20"]
[Round "8"]
[White "Hracek, Zbynek"]
[Black "Ftacnik, Lubomir"]
[Result "1-0"]
[WhiteElo "2613"]
[BlackElo "2554"]
[Annotator "Matthias Krallmann"]
[PlyCount "97"]
[EventDate "2016.??.??"]
[EventCountry "GER"]
[SourceDate "2015.04.14"]
[WhiteTeam "Werder Bremen"]
[BlackTeam "Hamburger SK"]

1. Nf3 Nf6 2. c4 c5 3. d4 cxd4 4. Nxd4 b6 5. Nc3 Bb7 6. f3 d6 7. e4 e6 8. Be3
Be7 9. Be2 O-O 10. Qd2 a6 11. O-O Qc7 12. Rfc1 {[#]} Rc8 (12... Nbd7 13. a4
Rac8 14. a5 bxa5 15. Nb3 Qb8 16. Nxa5 Ba8 17. b4 d5 18. exd5 exd5 19. c5 Qxb4
20. Bxa6 Bxc5 21. Bxc8 Rxc8 22. Bxc5 Qxc5+ 23. Kh1 Re8 24. Nd1 Qe7 25. Nf2 Ne5
26. Qd4 Qd8 27. Kg1 Nfd7 28. Kh1 Qf6 29. Re1 Rc8 30. Ng4 Nxg4 31. Qxg4 Qd8 32.
Rec1 Rxc1+ 33. Rxc1 h5 34. Qb4 Ne5 35. Qc5 Qg5 36. Re1 Kh7 37. Qc3 {[#]} d4 38.
Qxd4 Nxf3 39. Qd3+ g6 40. gxf3 Qxa5 41. Rd1 Qg5 {1/2-1/2 Richter,C (2396)
-Krallmann,M (2234)/Germany 2010/EXT 2012}) 13. Bf1 Qd8 14. Na4 $146 (14. Rd1
Nbd7 15. Rac1 Rab8 16. Qf2 Ba8 17. b4 Qe8 18. Nb3 d5 19. cxd5 Bxb4 20. dxe6
fxe6 21. Na4 b5 22. Nac5 Nxc5 23. Nxc5 Rc6 24. Qb2 Ba5 25. Nb3 Bb6 26. Bxb6
Rbxb6 27. Nd4 Rxc1 28. Qxc1 Nd7 29. Qc7 Rb7 30. Qa5 Rb6 31. Nxb5 axb5 32. Rxd7
Qxd7 33. Qxb6 Bc6 34. Qc5 Kf7 35. a3 h6 36. h4 Qb7 37. Kf2 Be8 38. Bd3 Qb8 39.
h5 Kg8 40. e5 Bxh5 41. Bxb5 Qd8 42. Ke2 Bg6 43. Bc4 Kh7 44. Bxe6 Qd3+ 45. Ke1
Qb1+ 46. Kf2 Qb2+ 47. Kg3 Qd2 48. Kh2 Qf4+ 49. Kg1 h5 50. Bh3 h4 51. e6 Qd2 52.
Qb4 Qe3+ 53. Kh1 Qc1+ 54. Kh2 Qc7+ 55. f4 Kg8 56. Qd4 Be8 57. Qe3 g5 58. Qe5
Qxe5 59. fxe5 Kf8 60. g3 Ke7 61. gxh4 gxh4 62. Bg4 Ba4 63. Kh3 Bb3 64. Kxh4
Bxe6 65. a4 Bb3 66. a5 Kd8 67. Kg5 Kc7 68. Be2 {1-0 Strikovic,A (2537)
-Kasparov,S (2480)/Cape Town 2014/EXT 2015}) 14... Nbd7 15. b4 Rab8 16. Rab1
Ba8 17. a3 g6 18. Nb2 Qe8 19. Nb3 Rd8 20. Qf2 Qf8 $2 (20... Rdc8 21. Na4 Qd8
$11) 21. Na4 b5 22. Nc3 {[#]} (22. cxb5 axb5 23. Nc3 d5 24. exd5 Nxd5 25. Nxd5
Bxd5 26. Nd4 Nf6 27. Nxb5 $16) 22... g5 $4 (22... bxc4 23. Bxc4 d5 24. exd5
Bxd5 25. Nxd5 Nxd5 26. Bxd5 exd5 27. Na5 $16) 23. Bxg5 Qg7 24. Bd2 bxc4 25.
Bxc4 d5 26. exd5 Ne5 27. Bxa6 Nxd5 28. Be2 $18 Nb6 29. Bf4 Bd6 30. Qg3 Nbc4 31.
Bxc4 Nxc4 32. Bxd6 Rxd6 33. Nb5 Qxg3 34. hxg3 Rxb5 35. Rxc4 Ra6 36. Ra1 Bd5 37.
Rc5 Rb8 38. Na5 {[#]} h5 39. Rac1 Raa8 40. R1c3 Kg7 41. Nc4 f5 42. Ne5 Rb7 43.
Rc7+ Rxc7 44. Rxc7+ Kh6 45. Rc3 Ra7 46. Kf2 Kg5 47. Nd3 h4 48. f4+ Kh5 49. gxh4
1-0

[Event "BL 15/16 München - Bremen"]
[Site "Germany"]
[Date "2016.03.12"]
[Round "10"]
[White "Bischoff, Klaus"]
[Black "Fressinet, Laurent"]
[Result "0-1"]
[WhiteElo "2509"]
[BlackElo "2688"]
[Annotator "Matthias Krallmann"]
[PlyCount "56"]
[EventDate "2016.??.??"]
[EventCountry "GER"]
[SourceDate "2015.04.14"]
[WhiteTeam "Bayern München"]
[BlackTeam "Werder Bremen"]

1. Nf3 d5 2. d3 g6 3. Nbd2 Bg7 4. e4 c5 5. exd5 Qxd5 6. g3 Nf6 7. Bg2 Qe6+ 8.
Qe2 Nc6 9. Nb3 Qxe2+ 10. Kxe2 Nd7 11. c3 Rb8 12. Bf4 e5 13. Be3 b6 14. Nfd2 Bb7
15. Ne4 O-O 16. g4 Ne7 17. g5 Nd5 18. Nbd2 Nf4+ 19. Bxf4 exf4 20. Nc4 b5 21.
Ncd6 Ba8 22. Rhd1 Be5 23. Bh3 Rfd8 24. d4 cxd4 25. cxd4 Bxd6 26. Nxd6 {
Diagramm # Das Pferd hat sich verlaufen.} Nf8 27. Nxf7 (27. Nc8 Rbxc8 28. Bxc8
Rxc8 29. a4 Re8+ 30. Kf1 b4 $17) 27... Kxf7 28. Rac1 Ne6 0-1

[Event "BL 15/16 München - Bremen"]
[Site "Germany"]
[Date "2016.03.12"]
[Round "10"]
[White "Bluebaum, Matthias"]
[Black "Belezky, Alexander"]
[Result "1-0"]
[WhiteElo "2605"]
[BlackElo "2448"]
[Annotator "Matthias Krallmann"]
[PlyCount "55"]
[EventDate "2016.??.??"]
[EventCountry "GER"]
[SourceDate "2015.04.14"]
[WhiteTeam "Werder Bremen"]
[BlackTeam "Bayern München"]

1. d4 Nf6 2. c4 e6 3. Nf3 Bb4+ 4. Nbd2 b6 5. a3 Bxd2+ 6. Qxd2 Bb7 7. e3 O-O 8.
Be2 d6 9. b4 Nbd7 10. Bb2 Ne4 11. Qc2 f5 12. O-O Ng5 13. d5 Nxf3+ 14. Bxf3 e5
15. e4 f4 16. c5 (16. Bg4 Bc8 17. f3 Nf6 18. Bxc8 Qxc8 19. c5 Qa6 20. a4 bxc5
21. bxc5 Rab8 22. Ba3 Rfd8 23. Rab1 Ne8 24. h3 Kf7 25. Rfc1 Rdc8 26. Bb4 g5 27.
Be1 Ke7 28. Bf2 Kd8 29. h4 h6 30. hxg5 hxg5 31. g4 Ke7 32. Kg2 Rxb1 33. Rxb1
Nf6 34. c6 Ra8 35. Rb7 Qa5 36. Qd1 Ne8 37. Qh1 Qxa4 38. Qh7+ Kf8 39. Qf5+ Kg8
40. Qxg5+ Kf8 41. Qh6+ Kg8 42. g5 Qa5 43. Rb1 Qa2 44. g6 Nf6 45. Rh1 {1-0
Lupulescu,C (2630) -Belezky,A (2451)/Germany 2015/CBM 165}) 16... Nf6 $146 (
16... bxc5 17. bxc5 Nxc5 18. Bxe5 Ba6 19. Rfd1 Bd3 20. Qc3 Qg5 21. Bd4 Bxe4 22.
Bxc5 Bxf3 23. Qxf3 dxc5 24. Rac1 Rad8 25. Rxc5 Rf7 26. h3 h6 27. Kh2 Qe5 28.
Rc4 a6 29. Re4 Qf5 30. Rdd4 Rdf8 31. Re6 Rf6 32. Rde4 Kh7 33. R4e5 Qg6 34. a4
a5 35. Qc3 f3 36. g4 Qb1 37. Rxf6 Rxf6 38. Qc4 Qb2 39. Qe4+ Kg8 40. Kg3 Qa1 41.
Re8+ Kf7 42. Re7+ Kf8 43. Kh4 Qf1 44. Re8+ Kf7 45. Re7+ Kf8 46. Re8+ Kf7 47.
Qe7+ Kg6 48. Qc5 Rd6 49. Re6+ Kh7 50. Qc2+ Kg8 51. Rxd6 cxd6 52. Qc8+ Kh7 53.
Qf5+ Kg8 54. Qxf3 Qc4 55. Qf5 Qxa4 56. Qe6+ Kh7 57. Qxd6 Qb3 58. f4 Qe3 59. f5
Qg5+ {1/2-1/2 Navara,D (2656)-Nisipeanu,L (2668)/Germany 2008/CBM 124}) 17.
Rfc1 Rf7 18. a4 a6 19. cxb6 cxb6 20. b5 a5 21. Ba3 Rc8 22. Qd1 Rxc1 23. Rxc1 g6
{[#]} 24. Rc6 {Ein typisches positionelles Qualitätsopfer, zu dem Matthias
sich nach langem Abwägen entschießt. Der Computer sieht nach der Annahme des
Opfers die Stellung als ausgeglichen an. Für einen Menschen ist der gedeckte
Freibauer auf c6 jedoch äußerst beunruhigend und Belezky lehnt nach wenigen
Sekunden das Opfer ab.} Ne8 (24... Bxc6 25. dxc6 Ne8 26. Bg4 Kg7 27. Be6 Re7
28. Bd7 Rxd7 29. cxd7 Qxd7 30. Qd5 $11) 25. Bg4 Kf8 26. f3 Ke7 $2 {Schwarz
erkennt nicht, wie gefährdet sein König in der Mitte ist.} (26... Kg7) 27. Qa1
Kf6 {[#]} 28. Qxe5+ {Vlastimil Hort sagte zu solchen Partien "Schach ist schön
- wenn man kann."} 1-0

[Event "BL 15/16 München - Bremen"]
[Site "Germany"]
[Date "2016.03.12"]
[Round "10"]
[White "Meister, Peter"]
[Black "Edouard, Romain"]
[Result "0-1"]
[WhiteElo "2368"]
[BlackElo "2620"]
[Annotator "Matthias Krallmann"]
[PlyCount "66"]
[EventDate "2016.??.??"]
[EventCountry "GER"]
[SourceDate "2015.04.14"]
[WhiteTeam "Bayern München"]
[BlackTeam "Werder Bremen"]

1. d4 e6 2. Nf3 c5 3. e3 Nf6 4. Bd3 b6 5. O-O Bb7 6. c4 d6 7. Nc3 a6 8. a4 Be7
{[#]} 9. d5 $6 (9. e4 cxd4 10. Nxd4 $11) 9... exd5 10. cxd5 Nxd5 11. Nxd5 Bxd5
12. Bxh7 Be6 13. Bb1 d5 14. e4 d4 $15 15. Ba2 Bxa2 16. Rxa2 Nc6 17. b3 Qd6 18.
Re1 {[#]} O-O-O 19. e5 Qg6 20. Rae2 Nb4 21. Re4 Nd5 {[#]} 22. Bd2 $2 (22. Qd3
Kb7 23. Bd2 $11) 22... Ne3 $1 23. Bxe3 (23. R4xe3 dxe3 24. Rxe3 Kb7 $17) 23...
Qxe4 24. Bg5 (24. Bxd4 Rxd4 $19) 24... Qb7 $19 25. Qd3 Bxg5 26. Nxg5 Kb8 27.
Ne4 Rhe8 28. f4 f6 29. a5 fxe5 30. fxe5 Re7 31. Qg3 d3 32. Nd6 Qd5 33. axb6 d2
0-1